| 000 | 00620nam a2200217 a 4500 | ||
|---|---|---|---|
| 005 | 20231014063802.0 | ||
| 008 | 991125s2004 ag 000 0 spa u | ||
| 020 | _a9870004598 | ||
| 035 | _aUPN01000004362 | ||
| 049 | _aCG | ||
| 050 | 4 |
_aHV5801 _bLL3.6 |
|
| 100 | 1 | _aLlabrés, Carlos Guillermo | |
| 245 | 1 | 1 |
_a¡Socorro! : _bmi hijo se droga : ¿qué hago? / _cCarlos Guillermo Llabrés. |
| 260 |
_aBuenos Aires : _bLumen, _c2004. |
||
| 300 |
_a79 p. : _bil. |
||
| 440 | 0 | _aAdicciones y cómo vencerlas | |
| 650 | 2 |
_aDrogadicción _95914 |
|
| 650 | 2 |
_aAdicción _9408 |
|
| 650 | 4 |
_aDROGADICTOS _95908 |
|
| 905 | _aLibro | ||
| 999 |
_c4362 _d4362 |
||